000 00987caa a22002174i 4500
001 768714001
003 CO-MdFUSB
005 20230111104249.0
008 161110s2001 gt ||||| |||| 00| 0 spa d
022 _a1014-9341
040 _aCO-MdFUSB
_bspa
_cCO-MdFUSB
_dCO-MdFUSB
041 _aspa
100 1 _aNúñez, Emilio A.
_eautor
245 1 3 _aEl movimiento apostólico contemporáneo (primera de dos partes)
_c/ Dr. Emilio Antonio Núñez
300 _aNúmero 29 (Julio - Diciembre, 2001), páginas 77-98
_c; 22 cm
520 _aEl apostolado no ha sido un don relevante en el origen y expansión de las iglesias pentecostales del siglo veinte. Tampoco cobró protagonismo ene l Neo-pentecostalismo hasta la última década del siglo
653 _aApostolado
773 0 _tKairós
_049489
_961194
_gNúmero 29 (Julio - Diciembre, 2001), páginas 77-98
_qPágina 77
773 0 _tKairós
_049489
_981316
_gNúmero 29 (Julio - Diciembre, 2001), páginas 77-98
_qPágina 77
942 _cANA
999 _c51254
_d51254